MyGZULibrary

Vhurikiriki / (Record no. 8322)

MARC details
000 -LEADER
fixed length control field 00691nam a2200241 a 4500
001 - CONTROL NUMBER
control field 1130660
003 - CONTROL NUMBER IDENTIFIER
control field GZU
005 - DATE AND TIME OF LATEST TRANSACTION
control field 20210520141756.0
008 - FIXED-LENGTH DATA ELEMENTS--GENERAL INFORMATION
fixed length control field 940321s1993 sa 000 1 ven
010 ## - LIBRARY OF CONGRESS CONTROL NUMBER
LC control number 94133615
020 ## - INTERNATIONAL STANDARD BOOK NUMBER
International Standard Book Number 0636018695
040 ## - CATALOGING SOURCE
Original cataloging agency DLC
Transcribing agency DLC
050 00 - LIBRARY OF CONGRESS CALL NUMBER
Classification number PL8771.9.
Item number MAU 1993
100 1# - MAIN ENTRY--PERSONAL NAME
Personal name Maumela, E. T.
Relator term author
245 10 - TITLE STATEMENT
Title Vhurikiriki /
Statement of responsibility, etc. E.T. Maumela.
260 ## - PUBLICATION, DISTRIBUTION, ETC.
Place of publication, distribution, etc. Cape Town :
Name of publisher, distributor, etc. Maskew Miller Longman,
Date of publication, distribution, etc. 1993.
300 ## - PHYSICAL DESCRIPTION
Extent viii, 128 p. ;
Dimensions 22 cm.
500 ## - GENERAL NOTE
General note Short stories in Venda.
650 ## - SUBJECT ADDED ENTRY--TOPICAL TERM
Source of heading or term venda
906 ## - LOCAL DATA ELEMENT F, LDF (RLIN)
a 7
b cbc
c orignew
d 3
e ncip
f 19
g y-gencatlg
942 ## - ADDED ENTRY ELEMENTS (KOHA)
Source of classification or shelving scheme Library of Congress Classification
Koha item type Books
Classification part 8771.9
Item part MAU
Call number prefix PL
Holdings
Withdrawn status Lost status Source of classification or shelving scheme Damaged status Not for loan Collection code Home library Current library Shelving location Date acquired Inventory number Total Checkouts Full call number Barcode Date last seen Copy number Price effective from Koha item type
    Library of Congress Classification     Fiction Mashava Campus Library Mashava Campus Library General Stacks 05/19/2021 14761   PL8771.9 MAU 1993 010342 05/19/2021 c. 1 05/19/2021 Books
          Fiction Mashava Campus Library Mashava Campus Library Fiction 05/20/2021     PL8771.9 MAU 1993 010870 05/20/2021 C.2 05/20/2021 Books
          Fiction Mashava Campus Library Mashava Campus Library Fiction 05/20/2021     PL8771.9 MAU 1993 010339 05/20/2021 C.3 05/20/2021 Books
          Fiction Mashava Campus Library Mashava Campus Library Fiction 05/20/2021     PL8771.9 MAU 1993 011109 05/20/2021 C.4 05/20/2021 Books
          Fiction Mashava Campus Library Mashava Campus Library Fiction 05/20/2021     PL8771.9 MAU 1993 010340 05/20/2021 C.5 05/20/2021 Books
    Library of Congress Classification     Fiction Mashava Campus Library Mashava Campus Library General Stacks 05/21/2021     PL 8771.9 MAU 1993 010337 05/21/2021 c.6 05/21/2021 Books
          Non-fiction Mashava Campus Library Mashava Campus Library General Stacks 05/21/2021 14965   PL8771.9 MAU 1997 010432 05/21/2021 c.6 05/21/2021 Books
          Fiction Mashava Campus Library Mashava Campus Library General Stacks 05/21/2021 14760   PL8771.9 MAU 1997 010344 05/21/2021 c-7 05/21/2021 Books
          Fiction Mashava Campus Library Mashava Campus Library General Stacks 05/21/2021 14764   PL8771.9 MAU 1997 010341 05/21/2021 c-8 05/21/2021 Books
    Library of Congress Classification     Fiction Mashava Campus Library Mashava Campus Library General Stacks 05/21/2021 14977   PL8771.9 MAU 1997 010433 05/21/2021 c. 9 05/21/2021 Books
    Library of Congress Classification     Fiction Mashava Campus Library Mashava Campus Library General Stacks 05/21/2021 14766   PL8771.9 MAU 1997 010871 05/21/2021 c. 10 05/21/2021 Books